| 000 | 00682nam a22002057a 4500 | ||
|---|---|---|---|
| 005 | 20210325181127.0 | ||
| 008 | th tha d | ||
| 020 | _a9749015541 | ||
| 041 | _atha | ||
| 050 | _aG154.7 พ912ม | ||
| 100 | 0 | _aเพ็ญศิริ วงศ์สกุล | |
| 245 | 1 | 0 | _aมัคคุเทศก์ |
| 260 | 3 |
_aกรุงเทพฯ : _bEditor 1999, _cม.ป.ป. |
|
| 300 |
_a158 หน้า : _b ภาพประกอบ ; _c 21 ซม. |
||
| 650 | 0 | 4 | _aมัคคุเทศก์ |
| 850 | _aNALT | ||
| 942 |
_cGB _01 |
||
| 997 | _c000000000011074 | ||
| 998 | _aนางสาวสายฝน ดีงาม | ||
| 999 |
_c11074 _d11074 |
||